{"text_format":"3","workbook":"xlsx","n_sheets":2,"sheets":["Rekapitulace stavby","ZL 32 - Podchycování - ..."],"not_rendered":{"images":1,"defined_names":5},"read":"whole","date_system":"1900"}

{"sheet":"Rekapitulace stavby","index":0,"n_rows":95,"n_cols":91,"rows_kept":95,"merged":[[1,43,1,56],[4,10,4,40],[5,10,5,40],[22,4,22,39],[25,36,25,40],[27,11,27,15],[27,22,27,30],[27,36,27,40],[28,11,28,15],[28,22,28,30],[28,36,28,40],[29,11,29,15],[29,22,29,30],[29,36,29,40],[30,11,30,15],[30,22,30,30],[30,36,30,40],[31,11,31,15],[31,22,31,30],[31,36,31,40],[32,11,32,15],[32,22,32,30],[32,36,32,40],[34,23,34,27],[34,36,34,40],[84,11,84,40],[86,38,86,39],[88,38,88,41],[88,44,90,45],[89,38,89,41],[91,2,91,6],[91,8,91,31],[91,32,91,38],[91,39,91,41],[93,32,93,38],[93,39,93,41],[94,3,94,7],[94,9,94,31],[94,32,94,38],[94,39,94,41]]}
["Export Komplet",{"$nulls":50},"","2.0","",{"$nulls":17},"False","False","{4843de3c-4c21-48bf-a1c6-c6ea16bed8f7}"]
[{"$nulls":43},">>  skryté sloupce  <<",{"$nulls":26},"0,01","21"]
[{"$nulls":70},"0,01","15"]
[{"$nulls":3},"REKAPITULACE STAVBY",{"$nulls":40},"v ---  níže se nacházejí doplnkové a pomocné údaje k sestavám  --- v",{"$nulls":25},"0,001"]
[{"$nulls":3},"Kód:",{"$nulls":6},"09",{"$nulls":59},"0,01"]
[{"$nulls":3},"Stavba:",{"$nulls":6},"Náměstí Míru ZL 32",{"$nulls":59},"0,01"]
[{"$nulls":3},"KSO:",{"$nulls":6},"",{"$nulls":25},"CC-CZ:",null,null,"",{"$nulls":30},"0,01"]
[{"$nulls":3},"Místo:",{"$nulls":6}," ",{"$nulls":25},"Datum:",null,null,"2019-05-14",{"$nulls":30},"0,01"]
[{"$nulls":70},"0,01"]
[{"$nulls":3},"Zadavatel:",{"$nulls":32},"IČ:",null,null,"",{"$nulls":30},"0,01"]
[{"$nulls":4}," ",{"$nulls":31},"DIČ:",null,null,"",{"$nulls":30},"0,01"]
[{"$nulls":70},"0,01"]
[{"$nulls":3},"Zhotovitel:",{"$nulls":32},"IČ:",null,null,"",{"$nulls":30},"0,01"]
[{"$nulls":4}," ",{"$nulls":31},"DIČ:",null,null,"",{"$nulls":30},"0,01"]
[{"$nulls":70},"False"]
[{"$nulls":3},"Projektant:",{"$nulls":32},"IČ:",null,null,"",{"$nulls":30},"False"]
[{"$nulls":4}," ",{"$nulls":31},"DIČ:",null,null,"",{"$nulls":30},"True"]
[{"$nulls":70},"0,01"]
[{"$nulls":3},"Zpracovatel:",{"$nulls":32},"IČ:",null,null,"",{"$nulls":30},"0,01"]
[{"$nulls":4}," ",{"$nulls":31},"DIČ:",null,null,"",{"$nulls":30},"True"]
[]
[{"$nulls":3},"Poznámka:"]
[{"$nulls":4},""]
[]
[]
[{"$nulls":3},"Cena bez DPH",{"$nulls":32},{"$f":"ROUND(AG94,2)","v":{"v":248007.68,"d":"248,007.68"}}]
[]
[{"$nulls":11},"Sazba daně",{"$nulls":10},"Základ daně",{"$nulls":13},"Výše daně"]
[{"$nulls":3},"DPH",null,"základní",{"$nulls":5},{"v":0.21,"d":"21.00%"},{"$nulls":10},{"$f":"ROUND(AZ94, 2)","v":{"v":248007.68,"d":"248,007.68"}},{"$nulls":13},{"$f":"ROUND(AV94, 2)","v":{"v":52081.61,"d":"52,081.61"}}]
[{"$nulls":5},"snížená",{"$nulls":5},{"v":0.15,"d":"15.00%"},{"$nulls":10},{"$f":"ROUND(BA94, 2)","v":{"v":0,"d":"0.00"}},{"$nulls":13},{"$f":"ROUND(AW94, 2)","v":{"v":0,"d":"0.00"}}]
[{"$nulls":5},"zákl. přenesená",{"$nulls":5},{"v":0.21,"d":"21.00%"},{"$nulls":10},{"$f":"ROUND(BB94, 2)","v":{"v":0,"d":"0.00"}},{"$nulls":13},{"v":0,"d":"0.00"}]
[{"$nulls":5},"sníž. přenesená",{"$nulls":5},{"v":0.15,"d":"15.00%"},{"$nulls":10},{"$f":"ROUND(BC94, 2)","v":{"v":0,"d":"0.00"}},{"$nulls":13},{"v":0,"d":"0.00"}]
[{"$nulls":5},"nulová",{"$nulls":5},{"v":0,"d":"0.00%"},{"$nulls":10},{"$f":"ROUND(BD94, 2)","v":{"v":0,"d":"0.00"}},{"$nulls":13},{"v":0,"d":"0.00"}]
[]
[{"$nulls":3},"Cena s DPH",{"$nulls":15},"v",{"$nulls":3},"CZK",{"$nulls":12},{"$f":"SUM(AK26:AK33)","v":{"v":300089.29,"d":"300,089.29"}}]
{"$rows_empty":13}
[{"$nulls":3},"Projektant",{"$nulls":29},"Zpracovatel"]
{"$rows_empty":10}
[{"$nulls":3},"Datum a podpis:",{"$nulls":17},"Razítko",{"$nulls":11},"Datum a podpis:",{"$nulls":4},"Razítko"]
[]
[]
[]
[{"$nulls":3},"Objednavatel",{"$nulls":29},"Zhotovitel"]
{"$rows_empty":10}
[{"$nulls":3},"Datum a podpis:",{"$nulls":17},"Razítko",{"$nulls":11},"Datum a podpis:",{"$nulls":4},"Razítko"]
[]
[]
[]
[]
[]
[]
[null,null,"REKAPITULACE OBJEKTŮ STAVBY A SOUPISŮ PRACÍ"]
[]
[null,null,"Kód:",{"$nulls":8},{"$f":"K5","v":"09"}]
[null,null,"Stavba:",{"$nulls":8},{"$f":"K6","v":"Náměstí Míru ZL 32"}]
[]
[null,null,"Místo:",{"$nulls":8},{"$f":"IF(K8=\"\",\"\",K8)","v":" "},{"$nulls":22},"Datum:",{"$nulls":3},{"$f":"IF(AN8= \"\",\"\",AN8)","v":"2019-05-14"}]
[]
[null,null,"Zadavatel:",{"$nulls":8},{"$f":"IF(E11= \"\",\"\",E11)","v":" "},{"$nulls":22},"Projektant:",{"$nulls":3},{"$f":"IF(E17=\"\",\"\",E17)","v":" "},{"$nulls":5},"Informatívní údaje z listů zakázek"]
[null,null,"Zhotovitel:",{"$nulls":8},{"$f":"IF(E14=\"\",\"\",E14)","v":" "},{"$nulls":22},"Zpracovatel:",{"$nulls":3},{"$f":"IF(E20=\"\",\"\",E20)","v":" "}]
[]
[null,null,"Kód",{"$nulls":5},"Popis",{"$nulls":23},"Cena bez DPH [CZK]",{"$nulls":6},"Cena s DPH [CZK]",null,null,"Typ",null,"z toho Ostat.\r\nnáklady [CZK]","DPH [CZK]","Normohodiny [h]","DPH základní [CZK]","DPH snížená [CZK]","DPH základní přenesená\r\n[CZK]","DPH snížená přenesená\r\n[CZK]","Základna\r\nDPH základní","Základna\r\nDPH snížená","Základna\r\nDPH zákl. přenesená","Základna\r\nDPH sníž. přenesená","Základna\r\nDPH nulová"]
[]
[null,null,"Náklady z rozpočtů",{"$nulls":29},{"$f":"ROUND(AG95,2)","v":{"v":248007.68,"d":"248,007.68"}},{"$nulls":6},{"$f":"SUM(AG94,AT94)","v":{"v":300089.29,"d":"300,089.29"}},null,null,"",null,{"$f":"ROUND(AS95,2)","v":{"v":0,"d":"0.00"}},{"$f":"ROUND(SUM(AV94:AW94),2)","v":{"v":52081.61,"d":"52,081.61"}},{"$f":"ROUND(AU95,5)","v":292.65978},{"$f":"ROUND(AZ94*L29,2)","v":{"v":52081.61,"d":"52,081.61"}},{"$f":"ROUND(BA94*L30,2)","v":{"v":0,"d":"0.00"}},{"$f":"ROUND(BB94*L29,2)","v":{"v":0,"d":"0.00"}},{"$f":"ROUND(BC94*L30,2)","v":{"v":0,"d":"0.00"}},{"$f":"ROUND(AZ95,2)","v":{"v":248007.68,"d":"248,007.68"}},{"$f":"ROUND(BA95,2)","v":{"v":0,"d":"0.00"}},{"$f":"ROUND(BB95,2)","v":{"v":0,"d":"0.00"}},{"$f":"ROUND(BC95,2)","v":{"v":0,"d":"0.00"}},{"$f":"ROUND(BD95,2)","v":{"v":0,"d":"0.00"}},{"$nulls":14},"D","0","###NOIMPORT###","IMPORT","{4843de3c-4c21-48bf-a1c6-c6ea16bed8f7}","{00000000-0000-0000-0000-000000000000}",{"$nulls":13},""]
["/",null,null,"ZL 312a",{"$nulls":5},"Podchycování - překlady, strop",{"$nulls":22},{"$f":"'ZL 32 - Podchycování - ...'!J30","v":{"v":248007.68,"d":"248,007.68"}},{"$nulls":6},{"$f":"SUM(AG95,AT95)","v":{"v":300089.29,"d":"300,089.29"}},null,null,"STA",null,{"v":0,"d":"0.00"},{"$f":"ROUND(SUM(AV95:AW95),2)","v":{"v":52081.61,"d":"52,081.61"}},{"$f":"'ZL 32 - Podchycování - ...'!P128","v":{"v":292.659779,"d":"292.65978"}},{"$f":"'ZL 32 - Podchycování - ...'!J33","v":{"v":52081.61,"d":"52,081.61"}},{"$f":"'ZL 32 - Podchycování - ...'!J34","v":{"v":0,"d":"0.00"}},{"$f":"'ZL 32 - Podchycování - ...'!J35","v":{"v":0,"d":"0.00"}},{"$f":"'ZL 32 - Podchycování - ...'!J36","v":{"v":0,"d":"0.00"}},{"$f":"'ZL 32 - Podchycování - ...'!F33","v":{"v":248007.68,"d":"248,007.68"}},{"$f":"'ZL 32 - Podchycování - ...'!F34","v":{"v":0,"d":"0.00"}},{"$f":"'ZL 32 - Podchycování - ...'!F35","v":{"v":0,"d":"0.00"}},{"$f":"'ZL 32 - Podchycování - ...'!F36","v":{"v":0,"d":"0.00"}},{"$f":"'ZL 32 - Podchycování - ...'!F37","v":{"v":0,"d":"0.00"}},{"$nulls":15},"1",null,"IMPORT","{643afd80-f9fc-4ccf-b061-a4aabbb4c509}","{4843de3c-4c21-48bf-a1c6-c6ea16bed8f7}",{"$nulls":13},"","2"]

{"sheet":"ZL 32 - Podchycování - ...","index":1,"n_rows":224,"n_cols":65,"rows_kept":224,"merged":[[1,11,1,21],[6,4,6,7],[8,4,8,7],[17,4,17,7],[26,4,26,7],[84,4,84,7],[86,4,86,7],[117,4,117,7],[119,4,119,7]]}
[]
[{"$nulls":11},">>  skryté sloupce  <<",{"$nulls":33},"{643afd80-f9fc-4ccf-b061-a4aabbb4c509}"]
[{"$nulls":45},"2"]
[{"$nulls":3},"KRYCÍ LIST SOUPISU PRACÍ",{"$nulls":8},"v ---  níže se nacházejí doplnkové a pomocné údaje k sestavám  --- v",{"$nulls":32},"False"]
[]
[{"$nulls":3},"Stavba:"]
[{"$nulls":4},{"$f":"'Rekapitulace stavby'!K6","v":"Náměstí Míru ZL 32"}]
[{"$nulls":3},"Objekt:"]
[{"$nulls":4},"ZL 32 - Podchycování - překlady, strop"]
[]
[{"$nulls":3},"KSO:",null,"",null,null,"CC-CZ:",""]
[{"$nulls":3},"Místo:",null," ",null,null,"Datum:","2019-05-14"]
[]
[{"$nulls":3},"Zadavatel:",{"$nulls":4},"IČ:",{"$f":"IF('Rekapitulace stavby'!AN10=\"\",\"\",'Rekapitulace stavby'!AN10)","v":""}]
[{"$nulls":4},{"$f":"IF('Rekapitulace stavby'!E11=\"\",\"\",'Rekapitulace stavby'!E11)","v":" "},{"$nulls":3},"DIČ:",{"$f":"IF('Rekapitulace stavby'!AN11=\"\",\"\",'Rekapitulace stavby'!AN11)","v":""}]
[]
[{"$nulls":3},"Zhotovitel:",{"$nulls":4},"IČ:",{"$f":"'Rekapitulace stavby'!AN13","v":""}]
[{"$nulls":4},{"$f":"'Rekapitulace stavby'!E14","v":" "},{"$nulls":3},"DIČ:",{"$f":"'Rekapitulace stavby'!AN14","v":""}]
[]
[{"$nulls":3},"Projektant:",{"$nulls":4},"IČ:",{"$f":"IF('Rekapitulace stavby'!AN16=\"\",\"\",'Rekapitulace stavby'!AN16)","v":""}]
[{"$nulls":4},{"$f":"IF('Rekapitulace stavby'!E17=\"\",\"\",'Rekapitulace stavby'!E17)","v":" "},{"$nulls":3},"DIČ:",{"$f":"IF('Rekapitulace stavby'!AN17=\"\",\"\",'Rekapitulace stavby'!AN17)","v":""}]
[]
[{"$nulls":3},"Zpracovatel:",{"$nulls":4},"IČ:",{"$f":"IF('Rekapitulace stavby'!AN19=\"\",\"\",'Rekapitulace stavby'!AN19)","v":""}]
[{"$nulls":4},{"$f":"IF('Rekapitulace stavby'!E20=\"\",\"\",'Rekapitulace stavby'!E20)","v":" "},{"$nulls":3},"DIČ:",{"$f":"IF('Rekapitulace stavby'!AN20=\"\",\"\",'Rekapitulace stavby'!AN20)","v":""}]
[]
[{"$nulls":3},"Poznámka:"]
[{"$nulls":4},""]
[]
[]
[{"$nulls":3},"Cena bez DPH",{"$nulls":5},{"$f":"ROUND(J128, 2)","v":{"v":248007.68,"d":"248,007.68"}}]
[]
[{"$nulls":5},"Základ daně",null,null,"Sazba daně","Výše daně"]
[{"$nulls":3},"DPH","základní",{"$f":"ROUND((SUM(BE128:BE224)),  2)","v":{"v":248007.68,"d":"248,007.68"}},null,null,{"v":0.21,"d":"21.00%"},{"$f":"ROUND(((SUM(BE128:BE224))*I33),  2)","v":{"v":52081.61,"d":"52,081.61"}}]
[{"$nulls":4},"snížená",{"$f":"ROUND((SUM(BF128:BF224)),  2)","v":{"v":0,"d":"0.00"}},null,null,{"v":0.15,"d":"15.00%"},{"$f":"ROUND(((SUM(BF128:BF224))*I34),  2)","v":{"v":0,"d":"0.00"}}]
[{"$nulls":4},"zákl. přenesená",{"$f":"ROUND((SUM(BG128:BG224)),  2)","v":{"v":0,"d":"0.00"}},null,null,{"v":0.21,"d":"21.00%"},{"$f":"0","v":{"v":0,"d":"0.00"}}]
[{"$nulls":4},"sníž. přenesená",{"$f":"ROUND((SUM(BH128:BH224)),  2)","v":{"v":0,"d":"0.00"}},null,null,{"v":0.15,"d":"15.00%"},{"$f":"0","v":{"v":0,"d":"0.00"}}]
[{"$nulls":4},"nulová",{"$f":"ROUND((SUM(BI128:BI224)),  2)","v":{"v":0,"d":"0.00"}},null,null,{"v":0,"d":"0.00%"},{"$f":"0","v":{"v":0,"d":"0.00"}}]
[]
[{"$nulls":3},"Cena s DPH",null,null,"v","CZK",null,{"$f":"SUM(J30:J37)","v":{"v":300089.29,"d":"300,089.29"}}]
{"$rows_empty":10}
[{"$nulls":3},"Projektant",null,null,"Zpracovatel"]
{"$rows_empty":10}
[{"$nulls":3},"Datum a podpis:",null,"Razítko","Datum a podpis:",null,null,"Razítko"]
[]
[]
[]
[{"$nulls":3},"Objednavatel",null,null,"Zhotovitel"]
{"$rows_empty":10}
[{"$nulls":3},"Datum a podpis:",null,"Razítko","Datum a podpis:",null,null,"Razítko"]
[]
[]
[]
[]
[]
[null,null,"REKAPITULACE ČLENĚNÍ SOUPISU PRACÍ"]
[]
[null,null,"Stavba:"]
[{"$nulls":4},{"$f":"E7","v":"Náměstí Míru ZL 32"}]
[null,null,"Objekt:"]
[{"$nulls":4},{"$f":"E9","v":"ZL 32 - Podchycování - překlady, strop"}]
[]
[null,null,"Místo:",null,null,{"$f":"F12","v":" "},null,null,"Datum:",{"$f":"IF(J12=\"\",\"\",J12)","v":"2019-05-14"}]
[]
[null,null,"Zadavatel:",null,null,{"$f":"E15","v":" "},null,null,"Projektant:",{"$f":"E21","v":" "}]
[null,null,"Zhotovitel:",null,null,{"$f":"IF(E18=\"\",\"\",E18)","v":" "},null,null,"Zpracovatel:",{"$f":"E24","v":" "}]
[]
[null,null,"Kód dílu - Popis",{"$nulls":6},"Cena celkem [CZK]"]
[]
[null,null,"Náklady ze soupisu prací",{"$nulls":6},{"$f":"J128","v":{"v":248007.68,"d":"248,007.68"}},{"$nulls":36},"-1"]
[{"$nulls":3},"HSV - Práce a dodávky HSV",{"$nulls":5},{"$f":"J129","v":{"v":114502.25,"d":"114,502.25"}}]
[{"$nulls":3},"    3 - Svislé a kompletní konstrukce",{"$nulls":5},{"$f":"J130","v":{"v":80546.19,"d":"80,546.19"}}]
[{"$nulls":3},"    6 - Úpravy povrchů, podlahy a osazování výplní",{"$nulls":5},{"$f":"J139","v":{"v":11487,"d":"11,487.00"}}]
[{"$nulls":3},"    9 - Ostatní konstrukce a práce, bourání",{"$nulls":5},{"$f":"J145","v":{"v":19667.059999999998,"d":"19,667.06"}}]
[{"$nulls":3},"    998 - Přesun hmot",{"$nulls":5},{"$f":"J169","v":{"v":2802,"d":"2,802.00"}}]
[{"$nulls":3},"PSV - Práce a dodávky PSV",{"$nulls":5},{"$f":"J171","v":{"v":132780.37,"d":"132,780.37"}}]
[{"$nulls":3},"    767 - Konstrukce zámečnické",{"$nulls":5},{"$f":"J172","v":{"v":55840.26,"d":"55,840.26"}}]
[{"$nulls":3},"    4 - Vodorovné konstrukce",{"$nulls":5},{"$f":"J193","v":{"v":12083.61,"d":"12,083.61"}}]
[{"$nulls":3},"    63 - Podlahy a podlahové konstrukce",{"$nulls":5},{"$f":"J199","v":{"v":10541.38,"d":"10,541.38"}}]
[{"$nulls":3},"    997 - Přesun sutě",{"$nulls":5},{"$f":"J205","v":{"v":36537.95,"d":"36,537.95"}}]
[{"$nulls":3},"    763 - Konstrukce suché výstavby",{"$nulls":5},{"$f":"J210","v":{"v":17777.170000000002,"d":"17,777.17"}}]
[{"$nulls":3},"94 - Lešení a stavební výtahy",{"$nulls":5},{"$f":"J223","v":725.06}]
[]
[]
[]
[]
[]
[]
[null,null,"SOUPIS PRACÍ"]
[]
[null,null,"Stavba:"]
[{"$nulls":4},{"$f":"E7","v":"Náměstí Míru ZL 32"}]
[null,null,"Objekt:"]
[{"$nulls":4},{"$f":"E9","v":"ZL 32 - Podchycování - překlady, strop"}]
[]
[null,null,"Místo:",null,null,{"$f":"F12","v":" "},null,null,"Datum:",{"$f":"IF(J12=\"\",\"\",J12)","v":"2019-05-14"}]
[]
[null,null,"Zadavatel:",null,null,{"$f":"E15","v":" "},null,null,"Projektant:",{"$f":"E21","v":" "}]
[null,null,"Zhotovitel:",null,null,{"$f":"IF(E18=\"\",\"\",E18)","v":" "},null,null,"Zpracovatel:",{"$f":"E24","v":" "}]
[]
[null,null,"PČ","Typ","Kód","Popis","MJ","Množství","J.cena [CZK]","Cena celkem [CZK]","Cenová soustava",null,"","DPH","J. Nh [h]","Nh celkem [h]","J. hmotnost [t]","Hmotnost celkem [t]","J. suť [t]","Suť Celkem [t]"]
[null,null,"Náklady soupisu celkem",{"$nulls":6},{"$f":"BK128","v":{"v":248007.68,"d":"248,007.68"}},{"$nulls":5},{"$f":"P129+P171+P223","v":{"v":292.659779,"d":"292.65978"}},null,{"$f":"R129+R171+R223","v":{"v":4.41895832,"d":"4.41896"}},null,{"$f":"T129+T171+T223","v":{"v":17.91,"d":"17.91000"}},{"$nulls":25},"D","-1",{"$nulls":15},{"$f":"BK129+BK171+BK223","v":{"v":248007.68,"d":"248,007.68"}}]
[{"$nulls":3},"D","HSV","Práce a dodávky HSV",{"$nulls":3},{"$f":"BK129","v":{"v":114502.25,"d":"114,502.25"}},{"$nulls":5},{"$f":"P130+P139+P145+P169","v":{"v":156.217559,"d":"156.21756"}},null,{"$f":"R130+R139+R145+R169","v":{"v":3.78831852,"d":"3.78832"}},null,{"$f":"T130+T139+T145+T169","v":{"v":17.91,"d":"17.91000"}},{"$nulls":23},"1",null,"D","0",{"$nulls":3},"ROZPOCET",{"$nulls":11},{"$f":"BK130+BK139+BK145+BK169","v":{"v":114502.25,"d":"114,502.25"}}]
[{"$nulls":3},"D","3","Svislé a kompletní konstrukce",{"$nulls":3},{"$f":"BK130","v":{"v":80546.19,"d":"80,546.19"}},{"$nulls":5},{"$f":"SUM(P131:P138)","v":70.42914},null,{"$f":"SUM(R131:R138)","v":{"v":2.90855852,"d":"2.90856"}},null,{"$f":"SUM(T131:T138)","v":{"v":0,"d":"0.00000"}},{"$nulls":23},"1",null,"D","1",{"$nulls":3},"ROZPOCET",{"$nulls":11},{"$f":"SUM(BK131:BK138)","v":{"v":80546.19,"d":"80,546.19"}}]
[null,null,"1","K","317941123R00","Osazení ocelových válcovaných nosníků  č.14-22","T",0.376,{"v":6016.08,"d":"6,016.08"},{"$f":"ROUND(I131*H131,2)","v":{"v":2262.05,"d":"2,262.05"}},"","SOD","","základní",{"v":0,"d":"0.00000"},{"$f":"O131*H131","v":{"v":0,"d":"0.00000"}},{"v":0,"d":"0.00000"},{"$f":"Q131*H131","v":{"v":0,"d":"0.00000"}},{"v":0,"d":"0.00000"},{"$f":"S131*H131","v":{"v":0,"d":"0.00000"}},{"$nulls":23},"4",null,"K","2",{"$nulls":3},"ROZPOCET",{"$nulls":5},{"$f":"IF(N131=\"základní\",J131,0)","v":{"v":2262.05,"d":"2,262.05"}},{"$f":"IF(N131=\"snížená\",J131,0)","v":{"v":0,"d":"0.00"}},{"$f":"IF(N131=\"zákl. přenesená\",J131,0)","v":{"v":0,"d":"0.00"}},{"$f":"IF(N131=\"sníž. přenesená\",J131,0)","v":{"v":0,"d":"0.00"}},{"$f":"IF(N131=\"nulová\",J131,0)","v":{"v":0,"d":"0.00"}},"1",{"$f":"ROUND(I131*H131,2)","v":{"v":2262.05,"d":"2,262.05"}},"4","-1724632050"]
[{"$nulls":3},"VV","","4*18,8*5/1000",null,0.376,{"$nulls":37},"VV","2","2","True","1","ROZPOCET"]
[null,null,"2","M","130107200","ocel profilová IPN, v jakosti 11 375, h=180 mm","T",0.376,{"v":26584.58,"d":"26,584.58"},{"$f":"ROUND(I133*H133,2)","v":{"v":9995.8,"d":"9,995.80"}},"","SOD","","základní",{"v":0,"d":"0.00000"},{"$f":"O133*H133","v":{"v":0,"d":"0.00000"}},{"v":0,"d":"0.00000"},{"$f":"Q133*H133","v":{"v":0,"d":"0.00000"}},{"v":0,"d":"0.00000"},{"$f":"S133*H133","v":{"v":0,"d":"0.00000"}},{"$nulls":23},"8",null,"M","2",{"$nulls":3},"ROZPOCET",{"$nulls":5},{"$f":"IF(N133=\"základní\",J133,0)","v":{"v":9995.8,"d":"9,995.80"}},{"$f":"IF(N133=\"snížená\",J133,0)","v":{"v":0,"d":"0.00"}},{"$f":"IF(N133=\"zákl. přenesená\",J133,0)","v":{"v":0,"d":"0.00"}},{"$f":"IF(N133=\"sníž. přenesená\",J133,0)","v":{"v":0,"d":"0.00"}},{"$f":"IF(N133=\"nulová\",J133,0)","v":{"v":0,"d":"0.00"}},"1",{"$f":"ROUND(I133*H133,2)","v":{"v":9995.8,"d":"9,995.80"}},"4","-1543837440"]
[null,null,"3","K","317944323","Válcované nosníky dodatečně osazované do připravených otvorů bez zazdění hlav č. 14 až 22","t",1.718,{"v":37812.05,"d":"37,812.05"},{"$f":"ROUND(I134*H134,2)","v":{"v":64961.1,"d":"64,961.10"}},"CS ÚRS 2019 01","SOD","","základní",{"v":36.9,"d":"36.90000"},{"$f":"O134*H134","v":{"v":63.3942,"d":"63.39420"}},{"v":1.09,"d":"1.09000"},{"$f":"Q134*H134","v":{"v":1.8726200000000002,"d":"1.87262"}},{"v":0,"d":"0.00000"},{"$f":"S134*H134","v":{"v":0,"d":"0.00000"}},{"$nulls":23},"4",null,"K","2",{"$nulls":3},"ROZPOCET",{"$nulls":5},{"$f":"IF(N134=\"základní\",J134,0)","v":{"v":64961.1,"d":"64,961.10"}},{"$f":"IF(N134=\"snížená\",J134,0)","v":{"v":0,"d":"0.00"}},{"$f":"IF(N134=\"zákl. přenesená\",J134,0)","v":{"v":0,"d":"0.00"}},{"$f":"IF(N134=\"sníž. přenesená\",J134,0)","v":{"v":0,"d":"0.00"}},{"$f":"IF(N134=\"nulová\",J134,0)","v":{"v":0,"d":"0.00"}},"1",{"$f":"ROUND(I134*H134,2)","v":{"v":64961.1,"d":"64,961.10"}},"4","834127472"]
[null,null,"4","K","346244381R00","Plentování ocelových nosníků výšky do 20 cm","m2",5.814,572.28,{"$f":"ROUND(I135*H135,2)","v":{"v":3327.24,"d":"3,327.24"}},"","SOD","","základní",{"v":1.21,"d":"1.21000"},{"$f":"O135*H135","v":7.03494},0.17818,{"$f":"Q135*H135","v":{"v":1.03593852,"d":"1.03594"}},{"v":0,"d":"0.00000"},{"$f":"S135*H135","v":{"v":0,"d":"0.00000"}},{"$nulls":23},"4",null,"K","2",{"$nulls":3},"ROZPOCET",{"$nulls":5},{"$f":"IF(N135=\"základní\",J135,0)","v":{"v":3327.24,"d":"3,327.24"}},{"$f":"IF(N135=\"snížená\",J135,0)","v":{"v":0,"d":"0.00"}},{"$f":"IF(N135=\"zákl. přenesená\",J135,0)","v":{"v":0,"d":"0.00"}},{"$f":"IF(N135=\"sníž. přenesená\",J135,0)","v":{"v":0,"d":"0.00"}},{"$f":"IF(N135=\"nulová\",J135,0)","v":{"v":0,"d":"0.00"}},"1",{"$f":"ROUND(I135*H135,2)","v":{"v":3327.24,"d":"3,327.24"}},"4","-1506831018"]
[{"$nulls":3},"VV","","1,7*0,160*18",null,4.896,{"$nulls":37},"VV","2","2","True","0","ROZPOCET"]
[{"$nulls":3},"VV","","1,7*0,18*3",null,0.918,{"$nulls":37},"VV","2","2","True","0","ROZPOCET"]
[{"$nulls":3},"VV","","Součet",null,5.814,{"$nulls":37},"VV","2","4","True","1","ROZPOCET"]
[{"$nulls":3},"D","6","Úpravy povrchů, podlahy a osazování výplní",{"$nulls":3},{"$f":"BK139","v":{"v":11487,"d":"11,487.00"}},{"$nulls":5},{"$f":"SUM(P140:P144)","v":{"v":18.648,"d":"18.64800"}},null,{"$f":"SUM(R140:R144)","v":{"v":0.8525999999999999,"d":"0.85260"}},null,{"$f":"SUM(T140:T144)","v":{"v":0,"d":"0.00000"}},{"$nulls":23},"1",null,"D","1",{"$nulls":3},"ROZPOCET",{"$nulls":11},{"$f":"SUM(BK140:BK144)","v":{"v":11487,"d":"11,487.00"}}]
[null,null,"5","K","611315223","Vápenná štuková omítka malých ploch do 1,0 m2 na stropech","kus",{"v":21,"d":"21.000"},{"v":547,"d":"547.00"},{"$f":"ROUND(I140*H140,2)","v":{"v":11487,"d":"11,487.00"}},"CS ÚRS 2019 01","Nová URS položka","","základní",{"v":0.888,"d":"0.88800"},{"$f":"O140*H140","v":{"v":18.648,"d":"18.64800"}},{"v":0.0406,"d":"0.04060"},{"$f":"Q140*H140","v":{"v":0.8525999999999999,"d":"0.85260"}},{"v":0,"d":"0.00000"},{"$f":"S140*H140","v":{"v":0,"d":"0.00000"}},{"$nulls":23},"4",null,"K","2",{"$nulls":3},"ROZPOCET",{"$nulls":5},{"$f":"IF(N140=\"základní\",J140,0)","v":{"v":11487,"d":"11,487.00"}},{"$f":"IF(N140=\"snížená\",J140,0)","v":{"v":0,"d":"0.00"}},{"$f":"IF(N140=\"zákl. přenesená\",J140,0)","v":{"v":0,"d":"0.00"}},{"$f":"IF(N140=\"sníž. přenesená\",J140,0)","v":{"v":0,"d":"0.00"}},{"$f":"IF(N140=\"nulová\",J140,0)","v":{"v":0,"d":"0.00"}},"1",{"$f":"ROUND(I140*H140,2)","v":{"v":11487,"d":"11,487.00"}},"4","1453416328"]
[{"$nulls":3},"VV","","montáž     1,26h/m x 150,-   189,-",null,"",{"$nulls":37},"VV","2","1","True","0","ROZPOCET"]
[{"$nulls":3},"VV","","dodávka materiál 260,-",null,"",{"$nulls":37},"VV","2","1","True","0","ROZPOCET"]
[{"$nulls":3},"VV","","Ostatní marže, VR     98,-",null,"",{"$nulls":37},"VV","2","1","True","0","ROZPOCET"]
[{"$nulls":3},"VV","","21",null,{"v":21,"d":"21.000"},{"$nulls":37},"VV","2","2","True","1","ROZPOCET"]
[{"$nulls":3},"D","9","Ostatní konstrukce a práce, bourání",{"$nulls":3},{"$f":"BK145","v":{"v":19667.059999999998,"d":"19,667.06"}},{"$nulls":5},{"$f":"SUM(P146:P168)","v":{"v":56.088499999999996,"d":"56.08850"}},null,{"$f":"SUM(R146:R168)","v":0.02716},null,{"$f":"SUM(T146:T168)","v":{"v":17.91,"d":"17.91000"}},{"$nulls":23},"1",null,"D","1",{"$nulls":3},"ROZPOCET",{"$nulls":11},{"$f":"SUM(BK146:BK168)","v":{"v":19667.059999999998,"d":"19,667.06"}}]
[null,null,"6","K","964035111","Bourání cihelných klenbových pásů jakéhokoliv průřezu","m3",{"v":4,"d":"4.000"},{"v":1020,"d":"1,020.00"},{"$f":"ROUND(I146*H146,2)","v":{"v":4080,"d":"4,080.00"}},"CS ÚRS 2019 01","Nová URS položka","","základní",{"v":3.118,"d":"3.11800"},{"$f":"O146*H146","v":{"v":12.472,"d":"12.47200"}},{"v":0,"d":"0.00000"},{"$f":"Q146*H146","v":{"v":0,"d":"0.00000"}},{"v":1.8,"d":"1.80000"},{"$f":"S146*H146","v":{"v":7.2,"d":"7.20000"}},{"$nulls":23},"4",null,"K","2",{"$nulls":3},"ROZPOCET",{"$nulls":5},{"$f":"IF(N146=\"základní\",J146,0)","v":{"v":4080,"d":"4,080.00"}},{"$f":"IF(N146=\"snížená\",J146,0)","v":{"v":0,"d":"0.00"}},{"$f":"IF(N146=\"zákl. přenesená\",J146,0)","v":{"v":0,"d":"0.00"}},{"$f":"IF(N146=\"sníž. přenesená\",J146,0)","v":{"v":0,"d":"0.00"}},{"$f":"IF(N146=\"nulová\",J146,0)","v":{"v":0,"d":"0.00"}},"1",{"$f":"ROUND(I146*H146,2)","v":{"v":4080,"d":"4,080.00"}},"4","-185881803"]
[{"$nulls":3},"VV","","4",null,{"v":4,"d":"4.000"},{"$nulls":37},"VV","2","2","True","1","ROZPOCET"]
[{"$nulls":3},"VV","","montáž     5,5h/m3 x 150,-  825,-",null,"",{"$nulls":37},"VV","2","1","True","0","ROZPOCET"]
[{"$nulls":3},"VV","","dodávka materiál 25,-",null,"",{"$nulls":37},"VV","2","1","True","0","ROZPOCET"]
[{"$nulls":3},"VV","","Ostatní marže, VR     170,-",null,"",{"$nulls":37},"VV","2","1","True","0","ROZPOCET"]
[null,null,"7","K","965082923","Odstranění násypů pod podlahami tl do 100 mm pl přes 2 m2","m3",{"v":7.53,"d":"7.530"},439.45,{"$f":"ROUND(I151*H151,2)","v":{"v":3309.06,"d":"3,309.06"}},"CS ÚRS 2019 01","SOD","","základní",{"v":1.65,"d":"1.65000"},{"$f":"O151*H151","v":{"v":12.4245,"d":"12.42450"}},{"v":0,"d":"0.00000"},{"$f":"Q151*H151","v":{"v":0,"d":"0.00000"}},{"v":1.4,"d":"1.40000"},{"$f":"S151*H151","v":{"v":10.542,"d":"10.54200"}},{"$nulls":23},"4",null,"K","2",{"$nulls":3},"ROZPOCET",{"$nulls":5},{"$f":"IF(N151=\"základní\",J151,0)","v":{"v":3309.06,"d":"3,309.06"}},{"$f":"IF(N151=\"snížená\",J151,0)","v":{"v":0,"d":"0.00"}},{"$f":"IF(N151=\"zákl. přenesená\",J151,0)","v":{"v":0,"d":"0.00"}},{"$f":"IF(N151=\"sníž. přenesená\",J151,0)","v":{"v":0,"d":"0.00"}},{"$f":"IF(N151=\"nulová\",J151,0)","v":{"v":0,"d":"0.00"}},"1",{"$f":"ROUND(I151*H151,2)","v":{"v":3309.06,"d":"3,309.06"}},"4","-2025025808"]
[null,null,"8","K","973031514","Vysekání kapes ve zdivu cihelném na MV nebo MVC pro upevňovací prvky hl přes 150 mm","kus",{"v":42,"d":"42.000"},{"v":133,"d":"133.00"},{"$f":"ROUND(I152*H152,2)","v":{"v":5586,"d":"5,586.00"}},"CS ÚRS 2019 01","Nová URS položka","","základní",{"v":0.448,"d":"0.44800"},{"$f":"O152*H152","v":{"v":18.816,"d":"18.81600"}},{"v":0,"d":"0.00000"},{"$f":"Q152*H152","v":{"v":0,"d":"0.00000"}},{"v":0.004,"d":"0.00400"},{"$f":"S152*H152","v":{"v":0.168,"d":"0.16800"}},{"$nulls":23},"4",null,"K","2",{"$nulls":3},"ROZPOCET",{"$nulls":5},{"$f":"IF(N152=\"základní\",J152,0)","v":{"v":5586,"d":"5,586.00"}},{"$f":"IF(N152=\"snížená\",J152,0)","v":{"v":0,"d":"0.00"}},{"$f":"IF(N152=\"zákl. přenesená\",J152,0)","v":{"v":0,"d":"0.00"}},{"$f":"IF(N152=\"sníž. přenesená\",J152,0)","v":{"v":0,"d":"0.00"}},{"$f":"IF(N152=\"nulová\",J152,0)","v":{"v":0,"d":"0.00"}},"1",{"$f":"ROUND(I152*H152,2)","v":{"v":5586,"d":"5,586.00"}},"4","-153543027"]
[{"$nulls":3},"VV","","Okna 2NP (směr náměstí)",null,"",{"$nulls":37},"VV","2","1","True","0","ROZPOCET"]
[{"$nulls":3},"VV","","Dveře 2NP (mezi 201 a 202)",null,"",{"$nulls":37},"VV","2","1","True","0","ROZPOCET"]
[{"$nulls":3},"VV","","Okna 2NP 201",null,"",{"$nulls":37},"VV","2","1","True","0","ROZPOCET"]
[{"$nulls":3},"VV","","Okno 1NP (104)",null,"",{"$nulls":37},"VV","2","1","True","0","ROZPOCET"]
[{"$nulls":3},"VV","","Okna 1NP (směr náměstí)",null,"",{"$nulls":37},"VV","2","1","True","0","ROZPOCET"]
[{"$nulls":3},"VV","","Dveře 1NP (směr náměstí)",null,"",{"$nulls":37},"VV","2","1","True","0","ROZPOCET"]
[{"$nulls":3},"VV","","Dveře 2NP (m.č 203, 205)",null,"",{"$nulls":37},"VV","2","1","True","0","ROZPOCET"]
[{"$nulls":3},"VV","","42",null,{"v":42,"d":"42.000"},{"$nulls":37},"VV","2","2","True","1","ROZPOCET"]
[{"$nulls":3},"VV","","montáž     0,8h/m3 x 150,-  120,-",null,"",{"$nulls":37},"VV","2","1","True","0","ROZPOCET"]
[{"$nulls":3},"VV","","dodávka materiál 0,-",null,"",{"$nulls":37},"VV","2","1","True","0","ROZPOCET"]
[{"$nulls":3},"VV","","Ostatní marže, VR     13,-",null,"",{"$nulls":37},"VV","2","1","True","0","ROZPOCET"]
[null,null,"9","K","985564214","Kotvičky pro výztuž stříkaného betonu hl do 200 mm z oceli D 16 mm do chemické malty","kus",{"v":28,"d":"28.000"},{"v":239,"d":"239.00"},{"$f":"ROUND(I164*H164,2)","v":{"v":6692,"d":"6,692.00"}},"CS ÚRS 2019 01","Nová URS položka","","základní",{"v":0.442,"d":"0.44200"},{"$f":"O164*H164","v":{"v":12.376,"d":"12.37600"}},0.00097,{"$f":"Q164*H164","v":0.02716},{"v":0,"d":"0.00000"},{"$f":"S164*H164","v":{"v":0,"d":"0.00000"}},{"$nulls":23},"4",null,"K","2",{"$nulls":3},"ROZPOCET",{"$nulls":5},{"$f":"IF(N164=\"základní\",J164,0)","v":{"v":6692,"d":"6,692.00"}},{"$f":"IF(N164=\"snížená\",J164,0)","v":{"v":0,"d":"0.00"}},{"$f":"IF(N164=\"zákl. přenesená\",J164,0)","v":{"v":0,"d":"0.00"}},{"$f":"IF(N164=\"sníž. přenesená\",J164,0)","v":{"v":0,"d":"0.00"}},{"$f":"IF(N164=\"nulová\",J164,0)","v":{"v":0,"d":"0.00"}},"1",{"$f":"ROUND(I164*H164,2)","v":{"v":6692,"d":"6,692.00"}},"4","-647418875"]
[{"$nulls":3},"VV","","14*2",null,{"v":28,"d":"28.000"},{"$nulls":37},"VV","2","2","True","1","ROZPOCET"]
[{"$nulls":3},"VV","","montáž     0,8h/m3 x 150,- 120,-",null,"",{"$nulls":37},"VV","2","1","True","0","ROZPOCET"]
[{"$nulls":3},"VV","","dodávka materiál 75,-",null,"",{"$nulls":37},"VV","2","1","True","0","ROZPOCET"]
[{"$nulls":3},"VV","","Ostatní marže, VR     44,-",null,"",{"$nulls":37},"VV","2","1","True","0","ROZPOCET"]
[{"$nulls":3},"D","998","Přesun hmot",{"$nulls":3},{"$f":"BK169","v":{"v":2802,"d":"2,802.00"}},{"$nulls":5},{"$f":"P170","v":{"v":11.051918999999998,"d":"11.05192"}},null,{"$f":"R170","v":{"v":0,"d":"0.00000"}},null,{"$f":"T170","v":{"v":0,"d":"0.00000"}},{"$nulls":23},"4",null,"D","1",{"$nulls":3},"ROZPOCET",{"$nulls":11},{"$f":"BK170","v":{"v":2802,"d":"2,802.00"}}]
[null,null,"10","K","998017002","Přesun hmot pro budovy občanské výstavby, bydlení, výrobu a služby s omezením mechanizace vodorovná dopravní vzdálenost do 100 m pro budovy s jakoukoliv nosnou","T",4.419,634.08,{"$f":"ROUND(I170*H170,2)","v":{"v":2802,"d":"2,802.00"}},"","SOD","","základní",{"v":2.501,"d":"2.50100"},{"$f":"O170*H170","v":{"v":11.051918999999998,"d":"11.05192"}},{"v":0,"d":"0.00000"},{"$f":"Q170*H170","v":{"v":0,"d":"0.00000"}},{"v":0,"d":"0.00000"},{"$f":"S170*H170","v":{"v":0,"d":"0.00000"}},{"$nulls":23},"4",null,"K","2",{"$nulls":3},"ROZPOCET",{"$nulls":5},{"$f":"IF(N170=\"základní\",J170,0)","v":{"v":2802,"d":"2,802.00"}},{"$f":"IF(N170=\"snížená\",J170,0)","v":{"v":0,"d":"0.00"}},{"$f":"IF(N170=\"zákl. přenesená\",J170,0)","v":{"v":0,"d":"0.00"}},{"$f":"IF(N170=\"sníž. přenesená\",J170,0)","v":{"v":0,"d":"0.00"}},{"$f":"IF(N170=\"nulová\",J170,0)","v":{"v":0,"d":"0.00"}},"1",{"$f":"ROUND(I170*H170,2)","v":{"v":2802,"d":"2,802.00"}},"4","1279217286"]
[{"$nulls":3},"D","PSV","Práce a dodávky PSV",{"$nulls":3},{"$f":"BK171","v":{"v":132780.37,"d":"132,780.37"}},{"$nulls":5},{"$f":"P172+P193+P199+P205+P210","v":{"v":136.44222000000002,"d":"136.44222"}},null,{"$f":"R172+R193+R199+R205+R210","v":{"v":0.6306398,"d":"0.63064"}},null,{"$f":"T172+T193+T199+T205+T210","v":{"v":0,"d":"0.00000"}},{"$nulls":23},"2",null,"D","0",{"$nulls":3},"ROZPOCET",{"$nulls":11},{"$f":"BK172+BK193+BK199+BK205+BK210","v":{"v":132780.37,"d":"132,780.37"}}]
[{"$nulls":3},"D","767","Konstrukce zámečnické",{"$nulls":3},{"$f":"BK172","v":{"v":55840.26,"d":"55,840.26"}},{"$nulls":5},{"$f":"SUM(P173:P192)","v":99.89364},null,{"$f":"SUM(R173:R192)","v":{"v":0.4392878,"d":"0.43929"}},null,{"$f":"SUM(T173:T192)","v":{"v":0,"d":"0.00000"}},{"$nulls":23},"2",null,"D","1",{"$nulls":3},"ROZPOCET",{"$nulls":11},{"$f":"SUM(BK173:BK192)","v":{"v":55840.26,"d":"55,840.26"}}]
[null,null,"11","K","767995112","Montáž atypických zámečnických konstrukcí hmotnosti do 10 kg","kg",{"v":375.54,"d":"375.540"},{"v":119,"d":"119.00"},{"$f":"ROUND(I173*H173,2)","v":{"v":44689.26,"d":"44,689.26"}},"","Nová URS položka","","základní",{"v":0.266,"d":"0.26600"},{"$f":"O173*H173","v":99.89364},{"v":7e-05,"d":"0.00007"},{"$f":"Q173*H173","v":{"v":0.0262878,"d":"0.02629"}},{"v":0,"d":"0.00000"},{"$f":"S173*H173","v":{"v":0,"d":"0.00000"}},{"$nulls":23},"16",null,"K","2",{"$nulls":3},"ROZPOCET",{"$nulls":5},{"$f":"IF(N173=\"základní\",J173,0)","v":{"v":44689.26,"d":"44,689.26"}},{"$f":"IF(N173=\"snížená\",J173,0)","v":{"v":0,"d":"0.00"}},{"$f":"IF(N173=\"zákl. přenesená\",J173,0)","v":{"v":0,"d":"0.00"}},{"$f":"IF(N173=\"sníž. přenesená\",J173,0)","v":{"v":0,"d":"0.00"}},{"$f":"IF(N173=\"nulová\",J173,0)","v":{"v":0,"d":"0.00"}},"1",{"$f":"ROUND(I173*H173,2)","v":{"v":44689.26,"d":"44,689.26"}},"16","-1016363024"]
[{"$nulls":3},"VV","","Kramle do zdi",null,"",{"$nulls":37},"VV","2","1","True","0","ROZPOCET"]
[{"$nulls":3},"VV","","0,7*0,4*14",null,{"v":3.92,"d":"3.920"},{"$nulls":37},"VV","2","2","True","0","ROZPOCET"]
[{"$nulls":3},"VV","","Zesílení pilíře",null,"",{"$nulls":37},"VV","2","1","True","0","ROZPOCET"]
[{"$nulls":3},"VV","","12,2*12,6",null,{"v":153.72,"d":"153.720"},{"$nulls":37},"VV","2","2","True","0","ROZPOCET"]
[{"$nulls":3},"VV","","19,9*3",null,{"v":59.7,"d":"59.700"},{"$nulls":37},"VV","2","2","True","0","ROZPOCET"]
[{"$nulls":3},"VV","","22,6*7",null,{"v":158.2,"d":"158.200"},{"$nulls":37},"VV","2","2","True","0","ROZPOCET"]
[{"$nulls":3},"VV","","Součet",null,{"v":375.53999999999996,"d":"375.540"},{"$nulls":37},"VV","2","4","True","1","ROZPOCET"]
[{"$nulls":3},"VV","","montáž     07h/m3 x 150,-  105,-",null,"",{"$nulls":37},"VV","2","1","True","0","ROZPOCET"]
[{"$nulls":3},"VV","","dodávka materiál 0,-",null,"",{"$nulls":37},"VV","2","1","True","0","ROZPOCET"]
[{"$nulls":3},"VV","","Ostatní marže, VR     14,-",null,"",{"$nulls":37},"VV","2","1","True","0","ROZPOCET"]
[null,null,"12","M","13021031","tyč ocelová žebírková DIN 488 výztuž do betonu D 8mm","t",0.004,{"v":27000,"d":"27,000.00"},{"$f":"ROUND(I184*H184,2)","v":{"v":108,"d":"108.00"}},"CS ÚRS 2019 01","Nová URS položka dodávka","","základní",{"v":0,"d":"0.00000"},{"$f":"O184*H184","v":{"v":0,"d":"0.00000"}},{"v":1,"d":"1.00000"},{"$f":"Q184*H184","v":{"v":0.004,"d":"0.00400"}},{"v":0,"d":"0.00000"},{"$f":"S184*H184","v":{"v":0,"d":"0.00000"}},{"$nulls":23},"32",null,"M","2",{"$nulls":3},"ROZPOCET",{"$nulls":5},{"$f":"IF(N184=\"základní\",J184,0)","v":{"v":108,"d":"108.00"}},{"$f":"IF(N184=\"snížená\",J184,0)","v":{"v":0,"d":"0.00"}},{"$f":"IF(N184=\"zákl. přenesená\",J184,0)","v":{"v":0,"d":"0.00"}},{"$f":"IF(N184=\"sníž. přenesená\",J184,0)","v":{"v":0,"d":"0.00"}},{"$f":"IF(N184=\"nulová\",J184,0)","v":{"v":0,"d":"0.00"}},"1",{"$f":"ROUND(I184*H184,2)","v":{"v":108,"d":"108.00"}},"16","-1578407096"]
[{"$nulls":3},"VV","","3,920/1000",null,0.004,{"$nulls":37},"VV","2","2","True","1","ROZPOCET"]
[{"$nulls":3},"VV",null,"0,004*1,1 'Přepočtené koeficientem množství",null,0.004,{"$nulls":37},"VV","2","2","False","1","ROZPOCET"]
[null,null,"13","M","13021031a","Profil L 100/100/8","t",0.169,{"v":27000,"d":"27,000.00"},{"$f":"ROUND(I187*H187,2)","v":{"v":4563,"d":"4,563.00"}},"","Nová R položka dodávka","","základní",{"v":0,"d":"0.00000"},{"$f":"O187*H187","v":{"v":0,"d":"0.00000"}},{"v":1,"d":"1.00000"},{"$f":"Q187*H187","v":{"v":0.169,"d":"0.16900"}},{"v":0,"d":"0.00000"},{"$f":"S187*H187","v":{"v":0,"d":"0.00000"}},{"$nulls":23},"32",null,"M","2",{"$nulls":3},"ROZPOCET",{"$nulls":5},{"$f":"IF(N187=\"základní\",J187,0)","v":{"v":4563,"d":"4,563.00"}},{"$f":"IF(N187=\"snížená\",J187,0)","v":{"v":0,"d":"0.00"}},{"$f":"IF(N187=\"zákl. přenesená\",J187,0)","v":{"v":0,"d":"0.00"}},{"$f":"IF(N187=\"sníž. přenesená\",J187,0)","v":{"v":0,"d":"0.00"}},{"$f":"IF(N187=\"nulová\",J187,0)","v":{"v":0,"d":"0.00"}},"1",{"$f":"ROUND(I187*H187,2)","v":{"v":4563,"d":"4,563.00"}},"16","736319151"]
[{"$nulls":3},"VV",null,"0,154*1,1 'Přepočtené koeficientem množství",null,0.169,{"$nulls":37},"VV","2","2","False","1","ROZPOCET"]
[null,null,"14","M","13021031b","Vodorovná pásovina P6/50","t",0.066,{"v":27000,"d":"27,000.00"},{"$f":"ROUND(I189*H189,2)","v":{"v":1782,"d":"1,782.00"}},"","Nová R položka dodávka","","základní",{"v":0,"d":"0.00000"},{"$f":"O189*H189","v":{"v":0,"d":"0.00000"}},{"v":1,"d":"1.00000"},{"$f":"Q189*H189","v":{"v":0.066,"d":"0.06600"}},{"v":0,"d":"0.00000"},{"$f":"S189*H189","v":{"v":0,"d":"0.00000"}},{"$nulls":23},"32",null,"M","2",{"$nulls":3},"ROZPOCET",{"$nulls":5},{"$f":"IF(N189=\"základní\",J189,0)","v":{"v":1782,"d":"1,782.00"}},{"$f":"IF(N189=\"snížená\",J189,0)","v":{"v":0,"d":"0.00"}},{"$f":"IF(N189=\"zákl. přenesená\",J189,0)","v":{"v":0,"d":"0.00"}},{"$f":"IF(N189=\"sníž. přenesená\",J189,0)","v":{"v":0,"d":"0.00"}},{"$f":"IF(N189=\"nulová\",J189,0)","v":{"v":0,"d":"0.00"}},"1",{"$f":"ROUND(I189*H189,2)","v":{"v":1782,"d":"1,782.00"}},"16","322130304"]
[{"$nulls":3},"VV",null,"0,06*1,1 'Přepočtené koeficientem množství",null,0.066,{"$nulls":37},"VV","2","2","False","1","ROZPOCET"]
[null,null,"15","M","13021031c","Profil L 100/160/10","t",0.174,{"v":27000,"d":"27,000.00"},{"$f":"ROUND(I191*H191,2)","v":{"v":4698,"d":"4,698.00"}},"","Nová R položka dodávka","","základní",{"v":0,"d":"0.00000"},{"$f":"O191*H191","v":{"v":0,"d":"0.00000"}},{"v":1,"d":"1.00000"},{"$f":"Q191*H191","v":{"v":0.174,"d":"0.17400"}},{"v":0,"d":"0.00000"},{"$f":"S191*H191","v":{"v":0,"d":"0.00000"}},{"$nulls":23},"32",null,"M","2",{"$nulls":3},"ROZPOCET",{"$nulls":5},{"$f":"IF(N191=\"základní\",J191,0)","v":{"v":4698,"d":"4,698.00"}},{"$f":"IF(N191=\"snížená\",J191,0)","v":{"v":0,"d":"0.00"}},{"$f":"IF(N191=\"zákl. přenesená\",J191,0)","v":{"v":0,"d":"0.00"}},{"$f":"IF(N191=\"sníž. přenesená\",J191,0)","v":{"v":0,"d":"0.00"}},{"$f":"IF(N191=\"nulová\",J191,0)","v":{"v":0,"d":"0.00"}},"1",{"$f":"ROUND(I191*H191,2)","v":{"v":4698,"d":"4,698.00"}},"16","1534147283"]
[{"$nulls":3},"VV",null,"0,158*1,1 'Přepočtené koeficientem množství",null,0.174,{"$nulls":37},"VV","2","2","False","1","ROZPOCET"]
[{"$nulls":3},"D","4","Vodorovné konstrukce",{"$nulls":3},{"$f":"BK193","v":{"v":12083.61,"d":"12,083.61"}},{"$nulls":5},{"$f":"SUM(P194:P198)","v":{"v":0,"d":"0.00000"}},null,{"$f":"SUM(R194:R198)","v":{"v":0,"d":"0.00000"}},null,{"$f":"SUM(T194:T198)","v":{"v":0,"d":"0.00000"}},{"$nulls":23},"4",null,"D","1",{"$nulls":3},"ROZPOCET",{"$nulls":11},{"$f":"SUM(BK194:BK198)","v":{"v":12083.61,"d":"12,083.61"}}]
[null,null,"16","K","411354249","Bednění stropů ztracené ocelové žebrované ze širokých tenkostěnných ohýbaných profilů (hraněných trapézových vln), bez úpravy povrchu otevřeného podhledu, bez p","M2",{"v":14,"d":"14.000"},602.45,{"$f":"ROUND(I194*H194,2)","v":{"v":8434.3,"d":"8,434.30"}},"","SOD","","základní",{"v":0,"d":"0.00000"},{"$f":"O194*H194","v":{"v":0,"d":"0.00000"}},{"v":0,"d":"0.00000"},{"$f":"Q194*H194","v":{"v":0,"d":"0.00000"}},{"v":0,"d":"0.00000"},{"$f":"S194*H194","v":{"v":0,"d":"0.00000"}},{"$nulls":23},"4",null,"K","2",{"$nulls":3},"ROZPOCET",{"$nulls":5},{"$f":"IF(N194=\"základní\",J194,0)","v":{"v":8434.3,"d":"8,434.30"}},{"$f":"IF(N194=\"snížená\",J194,0)","v":{"v":0,"d":"0.00"}},{"$f":"IF(N194=\"zákl. přenesená\",J194,0)","v":{"v":0,"d":"0.00"}},{"$f":"IF(N194=\"sníž. přenesená\",J194,0)","v":{"v":0,"d":"0.00"}},{"$f":"IF(N194=\"nulová\",J194,0)","v":{"v":0,"d":"0.00"}},"1",{"$f":"ROUND(I194*H194,2)","v":{"v":8434.3,"d":"8,434.30"}},"4","-1347061155"]
[{"$nulls":3},"VV","","4*3,5",null,{"v":14,"d":"14.000"},{"$nulls":37},"VV","2","2","True","1","ROZPOCET"]
[null,null,"17","K","411354271","Bednění stropů ztracené ocelové žebrované Příplatek k cenám za lože na rovných zdech, trámech, průvlacích, do traverz nebo do připravených ozubů na zdech s vypl","M2",{"v":14,"d":"14.000"},16.61,{"$f":"ROUND(I196*H196,2)","v":232.54},"","SOD","","základní",{"v":0,"d":"0.00000"},{"$f":"O196*H196","v":{"v":0,"d":"0.00000"}},{"v":0,"d":"0.00000"},{"$f":"Q196*H196","v":{"v":0,"d":"0.00000"}},{"v":0,"d":"0.00000"},{"$f":"S196*H196","v":{"v":0,"d":"0.00000"}},{"$nulls":23},"4",null,"K","2",{"$nulls":3},"ROZPOCET",{"$nulls":5},{"$f":"IF(N196=\"základní\",J196,0)","v":232.54},{"$f":"IF(N196=\"snížená\",J196,0)","v":{"v":0,"d":"0.00"}},{"$f":"IF(N196=\"zákl. přenesená\",J196,0)","v":{"v":0,"d":"0.00"}},{"$f":"IF(N196=\"sníž. přenesená\",J196,0)","v":{"v":0,"d":"0.00"}},{"$f":"IF(N196=\"nulová\",J196,0)","v":{"v":0,"d":"0.00"}},"1",{"$f":"ROUND(I196*H196,2)","v":232.54},"4","1602764871"]
[null,null,"18","K","411361821","Výztuž stropů prostě uložených, vetknutých, spojitých, deskových, trámových (žebrových, kazetových), s keramickými a jinými vložkami, konsolových nebo balkonový","T",0.087,{"v":39273.17,"d":"39,273.17"},{"$f":"ROUND(I197*H197,2)","v":{"v":3416.77,"d":"3,416.77"}},"","SOD","","základní",{"v":0,"d":"0.00000"},{"$f":"O197*H197","v":{"v":0,"d":"0.00000"}},{"v":0,"d":"0.00000"},{"$f":"Q197*H197","v":{"v":0,"d":"0.00000"}},{"v":0,"d":"0.00000"},{"$f":"S197*H197","v":{"v":0,"d":"0.00000"}},{"$nulls":23},"4",null,"K","2",{"$nulls":3},"ROZPOCET",{"$nulls":5},{"$f":"IF(N197=\"základní\",J197,0)","v":{"v":3416.77,"d":"3,416.77"}},{"$f":"IF(N197=\"snížená\",J197,0)","v":{"v":0,"d":"0.00"}},{"$f":"IF(N197=\"zákl. přenesená\",J197,0)","v":{"v":0,"d":"0.00"}},{"$f":"IF(N197=\"sníž. přenesená\",J197,0)","v":{"v":0,"d":"0.00"}},{"$f":"IF(N197=\"nulová\",J197,0)","v":{"v":0,"d":"0.00"}},"1",{"$f":"ROUND(I197*H197,2)","v":{"v":3416.77,"d":"3,416.77"}},"4","195682471"]
[{"$nulls":3},"VV","","0,62*4*35/1000",null,0.087,{"$nulls":37},"VV","2","2","True","1","ROZPOCET"]
[{"$nulls":3},"D","63","Podlahy a podlahové konstrukce",{"$nulls":3},{"$f":"BK199","v":{"v":10541.38,"d":"10,541.38"}},{"$nulls":5},{"$f":"SUM(P200:P204)","v":{"v":0,"d":"0.00000"}},null,{"$f":"SUM(R200:R204)","v":{"v":0,"d":"0.00000"}},null,{"$f":"SUM(T200:T204)","v":{"v":0,"d":"0.00000"}},{"$nulls":23},"4",null,"D","1",{"$nulls":3},"ROZPOCET",{"$nulls":11},{"$f":"SUM(BK200:BK204)","v":{"v":10541.38,"d":"10,541.38"}}]
[null,null,"19","K","631311115","Mazanina z betonu prostého bez zvýšených nároků na prostředí tl. přes 50 do 80 mm tř. C 20/25","M3",{"v":2,"d":"2.000"},{"v":3806.88,"d":"3,806.88"},{"$f":"ROUND(I200*H200,2)","v":{"v":7613.76,"d":"7,613.76"}},"","SOD","","základní",{"v":0,"d":"0.00000"},{"$f":"O200*H200","v":{"v":0,"d":"0.00000"}},{"v":0,"d":"0.00000"},{"$f":"Q200*H200","v":{"v":0,"d":"0.00000"}},{"v":0,"d":"0.00000"},{"$f":"S200*H200","v":{"v":0,"d":"0.00000"}},{"$nulls":23},"4",null,"K","2",{"$nulls":3},"ROZPOCET",{"$nulls":5},{"$f":"IF(N200=\"základní\",J200,0)","v":{"v":7613.76,"d":"7,613.76"}},{"$f":"IF(N200=\"snížená\",J200,0)","v":{"v":0,"d":"0.00"}},{"$f":"IF(N200=\"zákl. přenesená\",J200,0)","v":{"v":0,"d":"0.00"}},{"$f":"IF(N200=\"sníž. přenesená\",J200,0)","v":{"v":0,"d":"0.00"}},{"$f":"IF(N200=\"nulová\",J200,0)","v":{"v":0,"d":"0.00"}},"1",{"$f":"ROUND(I200*H200,2)","v":{"v":7613.76,"d":"7,613.76"}},"4","-311138895"]
[null,null,"20","K","631319011","Příplatek k cenám mazanin za úpravu povrchu mazaniny přehlazením, mazanina tl. přes 50 do 80 mm","M3",{"v":2,"d":"2.000"},537.52,{"$f":"ROUND(I201*H201,2)","v":{"v":1075.04,"d":"1,075.04"}},"","SOD","","základní",{"v":0,"d":"0.00000"},{"$f":"O201*H201","v":{"v":0,"d":"0.00000"}},{"v":0,"d":"0.00000"},{"$f":"Q201*H201","v":{"v":0,"d":"0.00000"}},{"v":0,"d":"0.00000"},{"$f":"S201*H201","v":{"v":0,"d":"0.00000"}},{"$nulls":23},"4",null,"K","2",{"$nulls":3},"ROZPOCET",{"$nulls":5},{"$f":"IF(N201=\"základní\",J201,0)","v":{"v":1075.04,"d":"1,075.04"}},{"$f":"IF(N201=\"snížená\",J201,0)","v":{"v":0,"d":"0.00"}},{"$f":"IF(N201=\"zákl. přenesená\",J201,0)","v":{"v":0,"d":"0.00"}},{"$f":"IF(N201=\"sníž. přenesená\",J201,0)","v":{"v":0,"d":"0.00"}},{"$f":"IF(N201=\"nulová\",J201,0)","v":{"v":0,"d":"0.00"}},"1",{"$f":"ROUND(I201*H201,2)","v":{"v":1075.04,"d":"1,075.04"}},"4","-150420233"]
[null,null,"21","K","631319171","Příplatek k cenám mazanin za stržení povrchu spodní vrstvy mazaniny latí před vložením výztuže nebo pletiva pro tl. obou vrstev mazaniny přes 50 do 80 mm","M3",{"v":2,"d":"2.000"},163.25,{"$f":"ROUND(I202*H202,2)","v":{"v":326.5,"d":"326.50"}},"","SOD","","základní",{"v":0,"d":"0.00000"},{"$f":"O202*H202","v":{"v":0,"d":"0.00000"}},{"v":0,"d":"0.00000"},{"$f":"Q202*H202","v":{"v":0,"d":"0.00000"}},{"v":0,"d":"0.00000"},{"$f":"S202*H202","v":{"v":0,"d":"0.00000"}},{"$nulls":23},"4",null,"K","2",{"$nulls":3},"ROZPOCET",{"$nulls":5},{"$f":"IF(N202=\"základní\",J202,0)","v":{"v":326.5,"d":"326.50"}},{"$f":"IF(N202=\"snížená\",J202,0)","v":{"v":0,"d":"0.00"}},{"$f":"IF(N202=\"zákl. přenesená\",J202,0)","v":{"v":0,"d":"0.00"}},{"$f":"IF(N202=\"sníž. přenesená\",J202,0)","v":{"v":0,"d":"0.00"}},{"$f":"IF(N202=\"nulová\",J202,0)","v":{"v":0,"d":"0.00"}},"1",{"$f":"ROUND(I202*H202,2)","v":{"v":326.5,"d":"326.50"}},"4","573254247"]
[null,null,"22","K","631362021","Výztuž mazanin ze svařovaných sítí z drátů typu KARI","T",0.051,{"v":29923.22,"d":"29,923.22"},{"$f":"ROUND(I203*H203,2)","v":{"v":1526.08,"d":"1,526.08"}},"","SOD","","základní",{"v":0,"d":"0.00000"},{"$f":"O203*H203","v":{"v":0,"d":"0.00000"}},{"v":0,"d":"0.00000"},{"$f":"Q203*H203","v":{"v":0,"d":"0.00000"}},{"v":0,"d":"0.00000"},{"$f":"S203*H203","v":{"v":0,"d":"0.00000"}},{"$nulls":23},"4",null,"K","2",{"$nulls":3},"ROZPOCET",{"$nulls":5},{"$f":"IF(N203=\"základní\",J203,0)","v":{"v":1526.08,"d":"1,526.08"}},{"$f":"IF(N203=\"snížená\",J203,0)","v":{"v":0,"d":"0.00"}},{"$f":"IF(N203=\"zákl. přenesená\",J203,0)","v":{"v":0,"d":"0.00"}},{"$f":"IF(N203=\"sníž. přenesená\",J203,0)","v":{"v":0,"d":"0.00"}},{"$f":"IF(N203=\"nulová\",J203,0)","v":{"v":0,"d":"0.00"}},"1",{"$f":"ROUND(I203*H203,2)","v":{"v":1526.08,"d":"1,526.08"}},"4","1737510234"]
[{"$nulls":3},"VV","","3,5*4/6*1,2*18,20/1000",null,0.051,{"$nulls":37},"VV","2","2","True","1","ROZPOCET"]
[{"$nulls":3},"D","997","Přesun sutě",{"$nulls":3},{"$f":"BK205","v":{"v":36537.95,"d":"36,537.95"}},{"$nulls":5},{"$f":"SUM(P206:P209)","v":33.68726},null,{"$f":"SUM(R206:R209)","v":{"v":0,"d":"0.00000"}},null,{"$f":"SUM(T206:T209)","v":{"v":0,"d":"0.00000"}},{"$nulls":23},"4",null,"D","1",{"$nulls":3},"ROZPOCET",{"$nulls":11},{"$f":"SUM(BK206:BK209)","v":{"v":36537.95,"d":"36,537.95"}}]
[null,null,"23","K","997013115","Vnitrostaveništní doprava suti a vybouraných hmot vodorovně do 50 m svisle s použitím mechanizace pro budovy a haly výšky přes 15 do 18 m","T",{"v":17.91,"d":"17.910"},477.27,{"$f":"ROUND(I206*H206,2)","v":{"v":8547.91,"d":"8,547.91"}},"","SOD","","základní",{"v":1.78,"d":"1.78000"},{"$f":"O206*H206","v":{"v":31.8798,"d":"31.87980"}},{"v":0,"d":"0.00000"},{"$f":"Q206*H206","v":{"v":0,"d":"0.00000"}},{"v":0,"d":"0.00000"},{"$f":"S206*H206","v":{"v":0,"d":"0.00000"}},{"$nulls":23},"4",null,"K","2",{"$nulls":3},"ROZPOCET",{"$nulls":5},{"$f":"IF(N206=\"základní\",J206,0)","v":{"v":8547.91,"d":"8,547.91"}},{"$f":"IF(N206=\"snížená\",J206,0)","v":{"v":0,"d":"0.00"}},{"$f":"IF(N206=\"zákl. přenesená\",J206,0)","v":{"v":0,"d":"0.00"}},{"$f":"IF(N206=\"sníž. přenesená\",J206,0)","v":{"v":0,"d":"0.00"}},{"$f":"IF(N206=\"nulová\",J206,0)","v":{"v":0,"d":"0.00"}},"1",{"$f":"ROUND(I206*H206,2)","v":{"v":8547.91,"d":"8,547.91"}},"4","-1387010551"]
[null,null,"24","K","997013501","Odvoz suti a vybouraných hmot na skládku nebo meziskládku se složením, na vzdálenost do 1 km","T",{"v":17,"d":"17.000"},147.49,{"$f":"ROUND(I207*H207,2)","v":{"v":2507.33,"d":"2,507.33"}},"","SOD","","základní",{"v":0.1,"d":"0.10000"},{"$f":"O207*H207","v":{"v":1.7000000000000002,"d":"1.70000"}},{"v":0,"d":"0.00000"},{"$f":"Q207*H207","v":{"v":0,"d":"0.00000"}},{"v":0,"d":"0.00000"},{"$f":"S207*H207","v":{"v":0,"d":"0.00000"}},{"$nulls":23},"4",null,"K","2",{"$nulls":3},"ROZPOCET",{"$nulls":5},{"$f":"IF(N207=\"základní\",J207,0)","v":{"v":2507.33,"d":"2,507.33"}},{"$f":"IF(N207=\"snížená\",J207,0)","v":{"v":0,"d":"0.00"}},{"$f":"IF(N207=\"zákl. přenesená\",J207,0)","v":{"v":0,"d":"0.00"}},{"$f":"IF(N207=\"sníž. přenesená\",J207,0)","v":{"v":0,"d":"0.00"}},{"$f":"IF(N207=\"nulová\",J207,0)","v":{"v":0,"d":"0.00"}},"1",{"$f":"ROUND(I207*H207,2)","v":{"v":2507.33,"d":"2,507.33"}},"4","1669118240"]
[null,null,"25","K","997013509","Odvoz suti a vybouraných hmot na skládku nebo meziskládku se složením, na vzdálenost Příplatek k ceně za každý další i započatý 1 km přes 1 km","T",{"v":17.91,"d":"17.910"},6.69,{"$f":"ROUND(I208*H208,2)","v":119.82},"","SOD","","základní",{"v":0.006,"d":"0.00600"},{"$f":"O208*H208","v":0.10746},{"v":0,"d":"0.00000"},{"$f":"Q208*H208","v":{"v":0,"d":"0.00000"}},{"v":0,"d":"0.00000"},{"$f":"S208*H208","v":{"v":0,"d":"0.00000"}},{"$nulls":23},"4",null,"K","2",{"$nulls":3},"ROZPOCET",{"$nulls":5},{"$f":"IF(N208=\"základní\",J208,0)","v":119.82},{"$f":"IF(N208=\"snížená\",J208,0)","v":{"v":0,"d":"0.00"}},{"$f":"IF(N208=\"zákl. přenesená\",J208,0)","v":{"v":0,"d":"0.00"}},{"$f":"IF(N208=\"sníž. přenesená\",J208,0)","v":{"v":0,"d":"0.00"}},{"$f":"IF(N208=\"nulová\",J208,0)","v":{"v":0,"d":"0.00"}},"1",{"$f":"ROUND(I208*H208,2)","v":119.82},"4","599021266"]
[null,null,"26","K","997013831","Poplatek za uložení stavebního odpadu na skládce (skládkovné) směsného","T",{"v":17.91,"d":"17.910"},{"v":1416.13,"d":"1,416.13"},{"$f":"ROUND(I209*H209,2)","v":{"v":25362.89,"d":"25,362.89"}},"","SOD","","základní",{"v":0,"d":"0.00000"},{"$f":"O209*H209","v":{"v":0,"d":"0.00000"}},{"v":0,"d":"0.00000"},{"$f":"Q209*H209","v":{"v":0,"d":"0.00000"}},{"v":0,"d":"0.00000"},{"$f":"S209*H209","v":{"v":0,"d":"0.00000"}},{"$nulls":23},"4",null,"K","2",{"$nulls":3},"ROZPOCET",{"$nulls":5},{"$f":"IF(N209=\"základní\",J209,0)","v":{"v":25362.89,"d":"25,362.89"}},{"$f":"IF(N209=\"snížená\",J209,0)","v":{"v":0,"d":"0.00"}},{"$f":"IF(N209=\"zákl. přenesená\",J209,0)","v":{"v":0,"d":"0.00"}},{"$f":"IF(N209=\"sníž. přenesená\",J209,0)","v":{"v":0,"d":"0.00"}},{"$f":"IF(N209=\"nulová\",J209,0)","v":{"v":0,"d":"0.00"}},"1",{"$f":"ROUND(I209*H209,2)","v":{"v":25362.89,"d":"25,362.89"}},"4","-1631024004"]
[{"$nulls":3},"D","763","Konstrukce suché výstavby",{"$nulls":3},{"$f":"BK210","v":{"v":17777.170000000002,"d":"17,777.17"}},{"$nulls":5},{"$f":"SUM(P211:P222)","v":2.86132},null,{"$f":"SUM(R211:R222)","v":{"v":0.191352,"d":"0.19135"}},null,{"$f":"SUM(T211:T222)","v":{"v":0,"d":"0.00000"}},{"$nulls":23},"4",null,"D","1",{"$nulls":3},"ROZPOCET",{"$nulls":11},{"$f":"SUM(BK211:BK222)","v":{"v":17777.170000000002,"d":"17,777.17"}}]
[null,null,"27","K","763131411","Podhled ze sádrokartonových desek dvouvrstvá zavěšená spodní konstrukce z ocelových profilů CD, UD jednoduše opláštěná deskou standardní A, tl. 12,5 mm, bez TI","M2",{"v":14,"d":"14.000"},657.01,{"$f":"ROUND(I211*H211,2)","v":{"v":9198.14,"d":"9,198.14"}},"","SOD","","základní",{"v":0,"d":"0.00000"},{"$f":"O211*H211","v":{"v":0,"d":"0.00000"}},{"v":0,"d":"0.00000"},{"$f":"Q211*H211","v":{"v":0,"d":"0.00000"}},{"v":0,"d":"0.00000"},{"$f":"S211*H211","v":{"v":0,"d":"0.00000"}},{"$nulls":23},"4",null,"K","2",{"$nulls":3},"ROZPOCET",{"$nulls":5},{"$f":"IF(N211=\"základní\",J211,0)","v":{"v":9198.14,"d":"9,198.14"}},{"$f":"IF(N211=\"snížená\",J211,0)","v":{"v":0,"d":"0.00"}},{"$f":"IF(N211=\"zákl. přenesená\",J211,0)","v":{"v":0,"d":"0.00"}},{"$f":"IF(N211=\"sníž. přenesená\",J211,0)","v":{"v":0,"d":"0.00"}},{"$f":"IF(N211=\"nulová\",J211,0)","v":{"v":0,"d":"0.00"}},"1",{"$f":"ROUND(I211*H211,2)","v":{"v":9198.14,"d":"9,198.14"}},"4","-903520420"]
[null,null,"28","K","763131751","Podhled ze sádrokartonových desek ostatní práce a konstrukce na podhledech ze sádrokartonových desek montáž parotěsné zábrany","M2",{"v":14,"d":"14.000"},21.77,{"$f":"ROUND(I212*H212,2)","v":304.78},"","SOD","","základní",{"v":0.066,"d":"0.06600"},{"$f":"O212*H212","v":{"v":0.924,"d":"0.92400"}},{"v":0,"d":"0.00000"},{"$f":"Q212*H212","v":{"v":0,"d":"0.00000"}},{"v":0,"d":"0.00000"},{"$f":"S212*H212","v":{"v":0,"d":"0.00000"}},{"$nulls":23},"4",null,"K","2",{"$nulls":3},"ROZPOCET",{"$nulls":5},{"$f":"IF(N212=\"základní\",J212,0)","v":304.78},{"$f":"IF(N212=\"snížená\",J212,0)","v":{"v":0,"d":"0.00"}},{"$f":"IF(N212=\"zákl. přenesená\",J212,0)","v":{"v":0,"d":"0.00"}},{"$f":"IF(N212=\"sníž. přenesená\",J212,0)","v":{"v":0,"d":"0.00"}},{"$f":"IF(N212=\"nulová\",J212,0)","v":{"v":0,"d":"0.00"}},"1",{"$f":"ROUND(I212*H212,2)","v":304.78},"4","1691380352"]
[null,null,"29","M","283292100","folie podstřešní parotěsná PE role 1,5 x 50 m","M2",{"v":14,"d":"14.000"},43.28,{"$f":"ROUND(I213*H213,2)","v":605.92},"","SOD","","základní",{"v":0,"d":"0.00000"},{"$f":"O213*H213","v":{"v":0,"d":"0.00000"}},{"v":0,"d":"0.00000"},{"$f":"Q213*H213","v":{"v":0,"d":"0.00000"}},{"v":0,"d":"0.00000"},{"$f":"S213*H213","v":{"v":0,"d":"0.00000"}},{"$nulls":23},"8",null,"M","2",{"$nulls":3},"ROZPOCET",{"$nulls":5},{"$f":"IF(N213=\"základní\",J213,0)","v":605.92},{"$f":"IF(N213=\"snížená\",J213,0)","v":{"v":0,"d":"0.00"}},{"$f":"IF(N213=\"zákl. přenesená\",J213,0)","v":{"v":0,"d":"0.00"}},{"$f":"IF(N213=\"sníž. přenesená\",J213,0)","v":{"v":0,"d":"0.00"}},{"$f":"IF(N213=\"nulová\",J213,0)","v":{"v":0,"d":"0.00"}},"1",{"$f":"ROUND(I213*H213,2)","v":605.92},"4","1126395188"]
[null,null,"30","K","763131752","Montáž jedné vrstvy tepelné izolace do SDK podhledu","m2",{"v":14,"d":"14.000"},60.66,{"$f":"ROUND(I214*H214,2)","v":849.24},"CS ÚRS 2019 01","Nová URS položka","","základní",{"v":0.11,"d":"0.11000"},{"$f":"O214*H214","v":{"v":1.54,"d":"1.54000"}},{"v":0,"d":"0.00000"},{"$f":"Q214*H214","v":{"v":0,"d":"0.00000"}},{"v":0,"d":"0.00000"},{"$f":"S214*H214","v":{"v":0,"d":"0.00000"}},{"$nulls":23},"512",null,"K","2",{"$nulls":3},"ROZPOCET",{"$nulls":5},{"$f":"IF(N214=\"základní\",J214,0)","v":849.24},{"$f":"IF(N214=\"snížená\",J214,0)","v":{"v":0,"d":"0.00"}},{"$f":"IF(N214=\"zákl. přenesená\",J214,0)","v":{"v":0,"d":"0.00"}},{"$f":"IF(N214=\"sníž. přenesená\",J214,0)","v":{"v":0,"d":"0.00"}},{"$f":"IF(N214=\"nulová\",J214,0)","v":{"v":0,"d":"0.00"}},"1",{"$f":"ROUND(I214*H214,2)","v":849.24},"512","1252228412"]
[{"$nulls":3},"VV","","14",null,{"v":14,"d":"14.000"},{"$nulls":37},"VV","2","2","True","1","ROZPOCET"]
[{"$nulls":3},"VV","","montáž     0,36h/m2 x 150,-   54,-",null,"",{"$nulls":37},"VV","2","1","True","0","ROZPOCET"]
[{"$nulls":3},"VV","","dodávka materiál 0,-",null,"",{"$nulls":37},"VV","2","1","True","0","ROZPOCET"]
[{"$nulls":3},"VV","","Ostatní marže, VR     6,66,-",null,"",{"$nulls":37},"VV","2","1","True","0","ROZPOCET"]
[null,null,"31","M","RKW.190530","deska minerální 2000x1200x100 mm","m2",{"v":14.28,"d":"14.280"},{"v":451,"d":"451.00"},{"$f":"ROUND(I219*H219,2)","v":{"v":6440.28,"d":"6,440.28"}},"CS ÚRS 2019 01","Nová URS položka dodávka","","základní",{"v":0,"d":"0.00000"},{"$f":"O219*H219","v":{"v":0,"d":"0.00000"}},{"v":0.0134,"d":"0.01340"},{"$f":"Q219*H219","v":{"v":0.191352,"d":"0.19135"}},{"v":0,"d":"0.00000"},{"$f":"S219*H219","v":{"v":0,"d":"0.00000"}},{"$nulls":23},"512",null,"M","2",{"$nulls":3},"ROZPOCET",{"$nulls":5},{"$f":"IF(N219=\"základní\",J219,0)","v":{"v":6440.28,"d":"6,440.28"}},{"$f":"IF(N219=\"snížená\",J219,0)","v":{"v":0,"d":"0.00"}},{"$f":"IF(N219=\"zákl. přenesená\",J219,0)","v":{"v":0,"d":"0.00"}},{"$f":"IF(N219=\"sníž. přenesená\",J219,0)","v":{"v":0,"d":"0.00"}},{"$f":"IF(N219=\"nulová\",J219,0)","v":{"v":0,"d":"0.00"}},"1",{"$f":"ROUND(I219*H219,2)","v":{"v":6440.28,"d":"6,440.28"}},"512","1961344088"]
[{"$nulls":3},"VV",null,"14*1,02 'Přepočtené koeficientem množství",null,{"v":14.28,"d":"14.280"},{"$nulls":37},"VV","2","2","False","1","ROZPOCET"]
[null,null,"32","K","998763303","Přesun hmot pro konstrukce montované z desek sádrokartonových, sádrovláknitých, cementovláknitých nebo cementových stanovený z hmotnosti přesunovaného materiálu","T",0.301,872.76,{"$f":"ROUND(I221*H221,2)","v":{"v":262.7,"d":"262.70"}},"","SOD","","základní",{"v":0,"d":"0.00000"},{"$f":"O221*H221","v":{"v":0,"d":"0.00000"}},{"v":0,"d":"0.00000"},{"$f":"Q221*H221","v":{"v":0,"d":"0.00000"}},{"v":0,"d":"0.00000"},{"$f":"S221*H221","v":{"v":0,"d":"0.00000"}},{"$nulls":23},"4",null,"K","2",{"$nulls":3},"ROZPOCET",{"$nulls":5},{"$f":"IF(N221=\"základní\",J221,0)","v":{"v":262.7,"d":"262.70"}},{"$f":"IF(N221=\"snížená\",J221,0)","v":{"v":0,"d":"0.00"}},{"$f":"IF(N221=\"zákl. přenesená\",J221,0)","v":{"v":0,"d":"0.00"}},{"$f":"IF(N221=\"sníž. přenesená\",J221,0)","v":{"v":0,"d":"0.00"}},{"$f":"IF(N221=\"nulová\",J221,0)","v":{"v":0,"d":"0.00"}},"1",{"$f":"ROUND(I221*H221,2)","v":{"v":262.7,"d":"262.70"}},"4","1306611453"]
[null,null,"33","K","998763381","Přesun hmot pro konstrukce montované z desek sádrokartonových, sádrovláknitých, cementovláknitých nebo cementových Příplatek k cenám za přesun prováděný bez pou","T",0.301,385.74,{"$f":"ROUND(I222*H222,2)","v":116.11},"","SOD","","základní",{"v":1.32,"d":"1.32000"},{"$f":"O222*H222","v":0.39732},{"v":0,"d":"0.00000"},{"$f":"Q222*H222","v":{"v":0,"d":"0.00000"}},{"v":0,"d":"0.00000"},{"$f":"S222*H222","v":{"v":0,"d":"0.00000"}},{"$nulls":23},"4",null,"K","2",{"$nulls":3},"ROZPOCET",{"$nulls":5},{"$f":"IF(N222=\"základní\",J222,0)","v":116.11},{"$f":"IF(N222=\"snížená\",J222,0)","v":{"v":0,"d":"0.00"}},{"$f":"IF(N222=\"zákl. přenesená\",J222,0)","v":{"v":0,"d":"0.00"}},{"$f":"IF(N222=\"sníž. přenesená\",J222,0)","v":{"v":0,"d":"0.00"}},{"$f":"IF(N222=\"nulová\",J222,0)","v":{"v":0,"d":"0.00"}},"1",{"$f":"ROUND(I222*H222,2)","v":116.11},"4","-628465549"]
[{"$nulls":3},"D","94","Lešení a stavební výtahy",{"$nulls":3},{"$f":"BK223","v":725.06},{"$nulls":5},{"$f":"P224","v":{"v":0,"d":"0.00000"}},null,{"$f":"R224","v":{"v":0,"d":"0.00000"}},null,{"$f":"T224","v":{"v":0,"d":"0.00000"}},{"$nulls":23},"4",null,"D","0",{"$nulls":3},"ROZPOCET",{"$nulls":11},{"$f":"BK224","v":725.06}]
[null,null,"34","K","949101112","Lešení pomocné pracovní pro objekty pozemních staveb pro zatížení do 150 kg/m2, o výšce lešeňové podlahy přes 1,9 do 3,5 m","M2",{"v":14,"d":"14.000"},51.79,{"$f":"ROUND(I224*H224,2)","v":725.06},"","SOD","","základní",{"v":0,"d":"0.00000"},{"$f":"O224*H224","v":{"v":0,"d":"0.00000"}},{"v":0,"d":"0.00000"},{"$f":"Q224*H224","v":{"v":0,"d":"0.00000"}},{"v":0,"d":"0.00000"},{"$f":"S224*H224","v":{"v":0,"d":"0.00000"}},{"$nulls":23},"4",null,"K","1",{"$nulls":3},"ROZPOCET",{"$nulls":5},{"$f":"IF(N224=\"základní\",J224,0)","v":725.06},{"$f":"IF(N224=\"snížená\",J224,0)","v":{"v":0,"d":"0.00"}},{"$f":"IF(N224=\"zákl. přenesená\",J224,0)","v":{"v":0,"d":"0.00"}},{"$f":"IF(N224=\"sníž. přenesená\",J224,0)","v":{"v":0,"d":"0.00"}},{"$f":"IF(N224=\"nulová\",J224,0)","v":{"v":0,"d":"0.00"}},"1",{"$f":"ROUND(I224*H224,2)","v":725.06},"4","-1768301940"]